000
00282nam a2200109Ia 4500
008
190914s9999||||xx |||||||||||||| ||und||
100
_a
Pasmith
245
0
_a
Marketing Communications an Integrated approach
260
_a
New Delhi
_b
Bantam Books
_c
1982
300
_a
730
942
_c
BK
999
_c
9243
_d
9243